000 00710nam a2200241Ia 4500
003 OSt
005 20221005131227.0
006 a|||||r|||| 00| 0
007 ta
008 221004b |||||||| |||| 00| 0 ara d
020 _c580
024 _a3743
037 _b411, 06/11/2012, Nadwi Publications
_cTextual
040 _aCRL
_cCRL
_bara
041 _2ara
_aara
082 _aO28,1N21:g, P9
100 _aAshmavi Mohammad Zaki Au.
_9581197
245 0 _aShoraiul askandariah-o-tijar bahamul abdaiya
260 _c2009
650 _aARABIC POETRY
942 _hO28,1N21:g, P9
_cTEXL
_2cc
999 _c1059702
_d1059702